Statistics for Film History #2

Click here to take the quiz!

General Stats

  • This quiz has been taken 121 times
  • The average score is 14 of 20

Answer Stats

YearHintAnswer% Correct
1928This Disney mascot makes its first appearanceMickey Mouse
95%
1960Alfred Hitchcock directs this horror/thrillerPsycho
91%
1987"Full Metal Jacket" depicts this warVietnam War
90%
1946In which city is this Film Festival held for the first tim?Cannes
89%
1991Anthony Hopkins plays this character in "The Silence of the Lambs"Hannibal Lecter
86%
2008This "Joker" actor diesHeath Ledger
86%
1937The first animated feature film is releasedSnow White and the Seven Dwarves
85%
1988"Rain Man" draws attention to this developmental disorderAutism
82%
2007Martin Scorsese wins the Oscar in this categoryBest Director
81%
1981This prize for the worst in film is introducedGolden Raspberry
77%
1925"Battleship Potemkin" is released in this countrySoviet Union
74%
?This year has four movies grossing over 1 billion US-$2012
72%
1978"Halloween" opens this horror sub-genreSlasher
60%
1972"The Godfather" is adapted from his novelMario Puzo
57%
1927Fritz Lang makes the allegedly first Sci-fi filmMetropolis
56%
1915He directs "Birth of a Nation"D. W. Griffith
49%
1975A TV show starts, hosted by Siskel and ...Ebert
46%
1902Georges Méliès directs "Le Voyage dans la lune" (English name)A Trip to the Moon
40%
1966"The Good, the Bad and the Ugly" concludes this western trilogyDollar trilogy
32%
1958Truffaut and Godard, i.a., found this French New WaveNouvelle Vague
22%

Score Distribution

Percentile by Number Answered

Percent of People with Each Score

Your Score History

You have not taken this quiz